| 000 | 01918nam a2200469 c 4500 | ||
|---|---|---|---|
| 001 | 24177 | ||
| 003 | ES-MaCES | ||
| 005 | 20150925133835.0 | ||
| 008 | 111228s2011 sp 010 | spa d | ||
| 017 |
_aNA 3219-2011 _bDL |
||
| 020 | _a9788447038169 | ||
| 035 | _aCES20110010304m | ||
| 040 |
_aES-MaCES _bspa _cES-MaCES |
||
| 111 | 2 |
_aCongreso sobre Derecho de la Competencia y Regulación en las Administraciones Públicas _n1º _d2010 _cMadrid _91175 |
|
| 245 | 1 | 0 |
_aDerecho de la competencia y regulación en la actividad de las Administraciones Públicas _cprólogo, Luis Berenguer Fuster ; autores, Luis Antonio Velasco San Pedro ... [et al.] ; [recoge las ponencias presentadas al 1º Congreso sobre Derecho de la Competencia y Regulación en las Administraciones Públicas, celebrado los días 23 y 24 de sept. de 2010 en la sede de la Comisión Nacional de la Competencia] |
| 250 | _a1ª ed | ||
| 260 |
_aCizur Menor (Navarra) _bThomson Civitas _c2011 |
||
| 300 |
_a457 p. _c20 cm |
||
| 490 | 1 | _aMonografías Cívitas | |
| 504 | _aBibliografía: p. 456-457 | ||
| 541 | _cCompra | ||
| 650 | 4 |
_aadministración pública _927214 |
|
| 650 | 4 |
_aderecho mercantil _927157 |
|
| 650 | 4 |
_aderecho administrativo _927155 |
|
| 650 | 4 |
_amecanismo de control _929918 |
|
| 650 | 4 |
_aservicios públicos _927230 |
|
| 650 | 4 |
_atransportes _928016 |
|
| 650 | 4 |
_amedios de comunicación de masas _927878 |
|
| 650 | 4 |
_acontratación _928323 |
|
| 650 | 4 |
_acontrata _929009 |
|
| 650 | 4 |
_aEspaña _926964 |
|
| 650 | 4 |
_arégimen jurídico _929894 |
|
| 650 | 4 |
_aconferencia _927013 |
|
| 653 | 1 | 0 | _aDerecho administrativo |
| 650 | 4 |
_927897 _acompetencia |
|
| 700 | 1 |
_aVelasco San Pedro, Luis Antonio _925663 |
|
| 700 | 1 |
_aBerenguer Fuster, Luis _ecol. _97578 |
|
| 830 | 0 |
_aMonografías Cívitas _932153 |
|
| 902 | _aLIB Libro | ||
| 942 |
_2CES _cBK _h6.0.2. |
||
| 999 |
_c24177 _d24177 |
||